000 00512nam a2200181Ia 4500
003 GCL
008 140319s9999 xx 000 0 ara d
040 _aGCL /
_cGCL
082 0 4 _aد
_b050
100 1 _aفتحى ابو الفضل
245 1 0 _aحافيةعلى الشوك ( اقرا 414 ) /
_cفتحى ابو الفضل
490 _aوثائق ونصوص
_v0
650 0 4 _aالادب العربى
650 0 4 _aالقصص العربية
650 0 4 _aالادب
650 0 4 _aالقصص
942 _2ddc
_cCF
999 _c27132
_d27132